Предкласически сонати [Нотирана музика] (Запис номер 349877)
[ съкратено ]
| 000 -Лидер | |
|---|---|
| Контролно поле с фиксирана дължина | ncm a22 a 4500 |
| 003 - Код на организацията, давaща контролен номер | |
| Контролно поле | BLK |
| 005 - Дата и час на последна редакция | |
| Контролно поле | 20210615121103.0 |
| 008 - Елементи от данни с фиксирана дължина | |
| fixed length control field | 200330b bu ||||| |||| 00| 0 bu d |
| 040 ## - Източник на каталожния запис | |
| Идентификатор на билиотеката - собственик на записа | BLK |
| 041 ## - Код за език | |
| Код за езика на текст/звукозапис или на отделно заглавие | Български |
| Код за езика КДБФ | Български |
| 080 ## - УДК | |
| Текстов определител УДК | Музика за духови инструменти |
| УДК код - определител по УДК | 788 |
| УДК - код + определител | 788 |
| 100 ## - Редна дума - Автор | |
| Автор | Караиванов, Стоян Иванов |
| Авторска отговорност | първи автор |
| R(LIN) | 1299 |
| 139 ## - Редно поле | |
| Редна дума | Караиванов, Стоян Иванов |
| Авторски знак | Караи - К 31 |
| 245 ## - Сведения за заглавието | |
| Заглавие | Предкласически сонати [Нотирана музика] |
| Подзаглавни данни | За валдхорна [и съпровод на пиано] |
| Редно поле (дума) | състав. и прераб. Стоян Караиванов |
| Том | Ч. 2 |
| 260 ## - Област на издателските данни | |
| 9 (RLIN) | 209430 |
| Място на издаване, разпространение и проч. | София |
| Име на издателя, разпространителя и проч. | Музика |
| Година на издаване | 1976 |
| 300 ## - Физическа характеристика | |
| Страници | 1 партитура (52 с.) |
| Размери/Мащаб | 31 см |
| Съпровождащи материали | 1 щим (19 с.) |
| 380 ## - Жанр | |
| Жанр | Изкуство |
| 500 ## - Общи забележки | |
| Забележка | Съдържа:<br/>Соната ми бемол-мажор / Бенедето Марчело. Соната сол минор / Антонио Вивалди. Соната си бемол минор / Георг Телеман. Соната фа-мажор / Георг Фридрих Хендел. Соната ре-минор / Йохан Матезон. Соната ла-минор / Павел Йозеф Вейвановски |
| 852 ## - Местоположение | |
| Форматна сигнатура | М ІІ 7113 |
| 999 ## - СИСТЕМНИ КОНТРОЛНИ НОМЕРА | |
| Koha biblionumber | 349877 |
| Koha biblioitemnumber | 349877 |
| 942 ## - АРТИКУЛИ | |
| Вид на библиотечния материал | Нотни издания |
| Скрит в OPAC | Не |
| Периодичен библиозапис | Да |
| 944 ## - СЪЗДАВАНЕ И РЕДАКЦИЯ на ЗАПИСА | |
| Създаване/Редакция | Създаване |
| Дата на регистрацията/редакция | 2020-03-30 |
| Статус, дата на статуса | 2020-03-30 |
| 999 ## - СИСТЕМНИ КОНТРОЛНИ НОМЕРА | |
| Koha biblioitemnumber | 349877 |
| Код за отписване | Код за изгубен артикул | Източник на класификационната схема | Код за повреда | Коз за рестрикции | Код за отдаване | Артикулен № | Име на библиотеката - собственик | Име на библиотеката, в която се намира в момента | Статус (Текущо местоположение) | Дата на вписване в системата | Местоположение - отдел | Цена в лева | Инвентарен номер | Систематично азбучна сигнатура | Баркод | Цена в евро | Служебен тип на артикула |
|---|---|---|---|---|---|---|---|---|---|---|---|---|---|---|---|---|---|
| Не е изгубен | Universal Decimal Classification | Не е повреден | без рестрикции | заемане за дома | 757086 | Регионална библиотека "Любен Каравелов" Русе | Регионална библиотека "Любен Каравелов" Русе | Отдел Изкуство - подръчен фонд | 2020-03-31 | Отдел Изкуство - подръчен фонд | 2.70 | 228512 | 788/К 31 С | 120000228512 | 1.38 | Нотни издания | |
| Не е изгубен | Universal Decimal Classification | Не е повреден | само за читалня | ползва се в читалня | 774100 | Регионална библиотека "Любен Каравелов" Русе | Регионална библиотека "Любен Каравелов" Русе | Хранилище | 2020-06-04 | Хранилище | 2.70 | 209375 | Цб М II 7113 | 900000016835 | 1.38 | Нотни издания |